000 00560nam a2200193Ia 4500
003 GCL
008 140319s9999 xx 000 0 ara d
040 _aGCL /
_cGCL
082 0 4 _aم
_b413
_bا م
100 1 _aاحمد رضا
245 1 0 _aمعجم متن اللغة: موسوعة لغوية حديثة /
_cاحمد رضا
300 _a5 اجزاء
490 _a100 قصة
_v0
650 0 4 _aالالفاظ
650 0 4 _aاللغة العربية
650 0 4 _aالمعاجم
650 0 4 _aاللغة العربية - المعاجم
942 _2ddc
_cBK
999 _c43437
_d43437